000 00924nam a2200337 a 4500
003 AR-BaBNM
005 20251128205653.0
008 082120s2002 ||||||||||||||000 | spa||
020 _a968-23-1172-1
040 _cAR-BaBNM
100 1 _aMárquez Rodríguez, Alexis
245 0 0 _aLo barroco y lo real-maravilloso en la obra de Alejo Carpentier
250 _a2ª ed.
260 _aMéxico, D.F.
_bSiglo Veintiuno
_c1984
300 _a587 p.
490 0 _aLa creación literaria
500 _aContiene referencias bibliográficas en p. 581
650 4 _aESCRITORES
650 4 _aANALISIS LITERARIO
650 4 _aCRITICA LITERARIA
650 4 _aLITERATURA LATINOAMERICANA
653 _aLITERATURA CUBANA
653 _aNATIVISMO
653 _aINDIGENISMO
653 _aNOVELA HISTORICA
653 _aREALISMO MAGICO
653 _aBARROCO
655 _aLITERATURA
942 _cBK
998 _cMARTIN
999 _c12335
_d12335